000 00660nam a22001937a 4500
999 _c166346
_d166346
005 20190722123721.0
010 _aENG-126025
020 _a9788178442129
_c1495.00
035 _aEN-109557
037 _bDBAD/PUB
082 _a300.72
100 _aGautam, Vidyapati
245 _aMethodology of social research /
_cby Vidyapati Gautam
260 _aNew Delhi
_bR.K. Pulblications
_c2018
270 _a4806/24, Bharat Ram Road, Darya Ganj
_bNew Delhi
_e110002
_k011-23285167, 65185557
_minfo@kkpublications.com
300 _aviii,288p.
_c25cm(Hb)
500 _aIncludes bibliographical references and index
942 _2ddc
_cEN
_h300.72
_mGAU